000 00374nam a22001457a 4500
003 MACL
005 20190411160052.0
008 190411b xxu||||| |||| 00| 0 eng d
040 _cMACL
100 _aKumar,Prof. Dinesh
_974247
245 _aExistertialism Theory and Philosophy
260 _aDelhi
_bNorth India pub.
_c2017
650 _aPhilosophy
_974248
942 _2ddc
_cBK
999 _c59339
_d59339